000 00319nam a2200133Ia 4500
005 20251222154320.0
008 251222s9999||||xx |||||||||||||| ||spa||
020 _a0-321-38701-5
082 _a004/B84
100 _a"Brookshear, J. Glenn"
245 0 _aComputer science. An overview
250 _a9a.ed.
942 _cLIB
999 _c33723
_d33723